[Event "HUN-chT Region CSB"]
[Site "Hungary"]
[Date "2022.02.12"]
[Round "5.1"]
[White "Szanto, Levente"]
[Black "Horvath, Tibor"]
[Result "1/2-1/2"]
[WhiteElo "1921"]
[BlackElo "1858"]
[PlyCount "120"]
[EventDate "2021.11.06"]
[EventType "team-swiss"]
[EventRounds "10"]
[EventCountry "HUN"]
[SourceTitle "EXT 2023"]
[Source "ChessBase"]
[SourceDate "2022.10.05"]
[SourceVersion "1"]
[SourceVersionDate "2022.10.05"]
[SourceQuality "1"]
[WhiteTeam "Tatabanya"]
[BlackTeam "Level KSE"]
[WhiteTeamCountry "HUN"]
[BlackTeamCountry "HUN"]

1. e4 c5 2. Nf3 e6 3. d4 cxd4 4. Nxd4 Nf6 5. Nc3 Nc6 6. Be3 Bb4 7. Bd3 d5 8. exd5 Nxd5 9. Nxc6 bxc6 10. Bd2 Bxc3 11. bxc3 Qf6 12. c4 Qe5+ 13. Kf1 Nf4 14. Rb1 0-0 15. Qf3 Nxd3 16. cxd3 Rb8 17. Rxb8 Qxb8 18. Ke2 Qb2 19. Qxc6 Qxa2 20. Rc1 e5 21. Qb5 f6 22. Rb1 h6 23. Rb2 Qa3 24. f3 Rd8 25. Rb3 Qa2 26. Qb4 Bf5 27. c5 Rd4 28. Qa3 Qc2 29. Rc3 Qb1 30. Qb3+ Qxb3 31. Rxb3 Kf7 32. g4 Bc8 33. Ra3 a6 34. Be3 Rb4 35. h3 Ke6 36. Rc3 Rb2+ 37. Bd2 Kd5 38. Ke3 Rb5 39. c6 Rc5 40. Rxc5+ Kxc5 41. c7 Kb6 42. Bb4 g6 43. Be7 f5 44. Bd6 h5 45. gxh5 gxh5 46. Bxe5 Kc6 47. Kd4 a5 48. Kc4 Ba6+ 49. Kb3 Kd7 50. Ka4 Bxd3 51. Kxa5 Bf1 52. h4 Be2 53. f4 Kc8 54. Kb6 Bf3 55. Kc5 Kd7 56. Kb6 Kc8 57. Bf6 Be4 58. Bd8 Bf3 59. Kc5 Kd7 60. Kd4 Bg4 1/2-1/2

[Event "HUN-chT4 Chalupetzky 1819"]
[Site "Hunagry"]
[Date "2018.11.04"]
[Round "2.1"]
[White "Pal, Istvan"]
[Black "Horvath, Tibor"]
[Result "0-1"]
[WhiteElo "1755"]
[BlackElo "1850"]
[PlyCount "28"]
[EventDate "2018.10.14"]
[EventType "team-tourn"]
[EventRounds "10"]
[EventCountry "HUN"]
[SourceTitle "EXT 2020"]
[Source "ChessBase"]
[SourceDate "2019.10.17"]
[SourceVersion "1"]
[SourceVersionDate "2019.10.17"]
[SourceQuality "1"]
[WhiteTeam "Gyor Bastya"]
[BlackTeam "KSE Level"]
[WhiteTeamCountry "HUN"]
[BlackTeamCountry "HUN"]

1. c4 e5 2. Nc3 Nf6 3. g3 Bc5 4. Bg2 0-0 5. e3 d6 6. Nge2 Nc6 7. 0-0 Be6 8. d4 exd4 9. exd4 Nxd4 10. Nxd4 Bxc4 11. Re1 c6 12. b3 Qa5 13. Ne4 Bxd4 14. Qxd4 Qxe1+ 0-1

[Event "HUN-chT4 Chalupetzky 1819"]
[Site "Hunagry"]
[Date "2018.10.14"]
[Round "1.1"]
[White "Horvath, Tibor"]
[Black "Nagy, Istvan2222"]
[Result "0-1"]
[WhiteElo "1850"]
[BlackElo "1720"]
[PlyCount "182"]
[EventDate "2018.10.14"]
[EventType "team-tourn"]
[EventRounds "10"]
[EventCountry "HUN"]
[SourceTitle "EXT 2020"]
[Source "ChessBase"]
[SourceDate "2019.10.17"]
[SourceVersion "1"]
[SourceVersionDate "2019.10.17"]
[SourceQuality "1"]
[WhiteTeam "KSE Level"]
[BlackTeam "Fertoszentmiklos"]
[WhiteTeamCountry "HUN"]
[BlackTeamCountry "HUN"]

1. d4 g6 2. e4 Bg7 3. Nc3 d6 4. Be3 Nf6 5. f3 e6 6. Qd2 Qe7 7. Bh6 Bxh6 8. Qxh6 c6 9. 0-0-0 Ng8 10. Qd2 Nf6 11. e5 Nd5 12. Ne4 dxe5 13. dxe5 b5 14. Nd6+ Kd7 15. Ne4 Ke8 16. Ne2 Nd7 17. Nd6+ Kf8 18. Qh6+ Kg8 19. f4 Qf8 20. Qh4 N7b6 21. Nd4 Bd7 22. Nb3 Qd8 23. Qh6 Qf8 24. Qh4 Qd8 25. Qf2 Nc8 26. Ne4 Qb6 27. Nbc5 Be8 28. Qh4 Nce7 29. g4 h5 30. Qf2 hxg4 31. Rg1 Nf5 32. Rxd5 cxd5 33. Nf6+ Kg7 34. Rxg4 Rc8 35. b4 a5 36. a3 axb4 37. axb4 Ra8 38. Qg1 Qa7 39. Nxe8+ Rhxe8 40. Bxb5 Qa1+ 41. Kd2 Qxg1 42. Rxg1 Rh8 43. Rg2 Rab8 44. Bd3 Rxb4 45. Bxf5 exf5 46. Nd3 Rb1 47. Kc3 Rh1 48. Nb4 R1xh2 49. Rxh2 Rxh2 50. Nxd5 Kf8 51. Kd3 Ke8 52. c4 Kd7 53. Kd4 Rg2 54. Kc5 g5 55. Nf6+ Ke6 56. Nh5 Kd7 57. Nf6+ Kc7 58. Nd5+ Kd8 59. fxg5 Rxg5 60. Kd6 Rg6+ 61. Kc5 Rh6 62. Kd4 Kd7 63. Nf4 Kc6 64. Ng2 Rg6 65. Ne3 f4 66. Nd5 f3 67. Ke3 f2 68. Kxf2 Re6 69. Ke3 Rxe5+ 70. Kd4 Rh5 71. Nb4+ Kd6 72. Nc2 Rh4+ 73. Kd3 Kc5 74. Ne3 Rh3 75. Ke4 Kd6 76. Kf4 Ke6 77. Ng4 Rc3 78. Ne3 f5 79. Kf3 Ke5 80. Ke2 Ke4 81. Nd5 Rc2+ 82. Kd1 Rxc4 83. Nf6+ Kf3 84. Kd2 f4 85. Kd3 Rc8 86. Nh5 Rd8+ 87. Kc2 Ke3 88. Nf6 Ke2 89. Ne4 Rc8+ 90. Kb1 f3 91. Ng3+ Ke1 0-1

[Event "HUN-chT4 Chalupetzky 1718"]
[Site "Hungary"]
[Date "2018.01.21"]
[Round "5.3"]
[White "Hajba, Tamas"]
[Black "Horvath, Tibor"]
[Result "1-0"]
[WhiteElo "1840"]
[BlackElo "1812"]
[PlyCount "113"]
[EventDate "2017.10.15"]
[EventType "team-tourn"]
[EventRounds "7"]
[EventCountry "HUN"]
[SourceTitle "EXT 2019"]
[Source "ChessBase"]
[SourceDate "2018.10.10"]
[SourceVersion "1"]
[SourceVersionDate "2018.10.10"]
[SourceQuality "1"]
[WhiteTeam "Gyor Szechenyi"]
[BlackTeam "KSE Level"]
[WhiteTeamCountry "HUN"]
[BlackTeamCountry "HUN"]

1. d4 d5 2. Bf4 Nf6 3. Nf3 e6 4. e3 Bd6 5. Bxd6 Qxd6 6. c3 0-0 7. Bd3 b6 8. Nbd2 Ba6 9. Bxa6 Nxa6 10. Qe2 Nb8 11. e4 dxe4 12. Nxe4 Nxe4 13. Qxe4 Nd7 14. 0-0 Nf6 15. Qe2 Rfd8 16. Rad1 Qd5 17. c4 Qa5 18. b3 Qh5 19. Rd3 Rd7 20. Rfd1 Rad8 21. h3 h6 22. Qe3 Qa5 23. Ne5 Rd6 24. c5 bxc5 25. Nc4 cxd4 26. Rxd4 Qxa2 27. Nxd6 cxd6 28. Rxd6 Rxd6 29. Rxd6 Qa1+ 30. Kh2 Qa5 31. Rd4 Nd5 32. Qe5 Qb6 33. Rg4 g6 34. Rc4 Qd8 35. Rc5 h5 36. Rc6 Nb6 37. Rd6 Qe7 38. Rc6 Qb7 39. Rc7 Qb8 40. Qf4 Nd7 41. g3 e5 42. Qc4 Qb6 43. Kg2 Qd6 44. Rxa7 h4 45. Ra6 Qb8 46. Rxg6+ Kf8 47. Rh6 Qb7+ 48. Qc6 Qa7 49. Rxh4 Ke7 50. Rh6 Qb8 51. Qd5 e4 52. Qxe4+ Ne5 53. f4 Qxb3 54. Qxe5+ Kd7 55. Rd6+ Kc8 56. Qc5+ Kb7 57. Rd7+ 1-0

[Event "HUN-chT4 Chalupetzky 1718"]
[Site "Hungary"]
[Date "2017.11.05"]
[Round "2.1"]
[White "Vasvari, Attila"]
[Black "Horvath, Tibor"]
[Result "0-1"]
[WhiteElo "1546"]
[BlackElo "1812"]
[PlyCount "84"]
[EventDate "2017.10.15"]
[EventType "team-tourn"]
[EventRounds "7"]
[EventCountry "HUN"]
[SourceTitle "EXT 2019"]
[Source "ChessBase"]
[SourceDate "2018.10.10"]
[SourceVersion "1"]
[SourceVersionDate "2018.10.10"]
[SourceQuality "1"]
[WhiteTeam "Gyor Szechenyi II"]
[BlackTeam "KSE Level"]
[WhiteTeamCountry "HUN"]
[BlackTeamCountry "HUN"]

1. e4 e6 2. d4 d5 3. Nc3 Bb4 4. exd5 exd5 5. Bd2 Nf6 6. Be2 0-0 7. Nf3 Re8 8. 0-0 c6 9. Bg5 h6 10. Bh4 Be6 11. Ne5 Bd6 12. f4 c5 13. f5 cxd4 14. fxe6 Rxe6 15. Nxd5 Bxe5 16. Nxf6+ Bxf6 17. Bxf6 Rxf6 18. Rxf6 Qxf6 19. Bf3 Nc6 20. Bxc6 Qxc6 21. Qxd4 Qxc2 22. b3 b6 23. Qd7 Qc5+ 24. Kf1 Qc8 25. Rd1 Qa6+ 26. Kg1 Qxa2 27. Qd5 Rf8 28. Rf1 Qc2 29. b4 Qc3 30. Qd6 Qe3+ 31. Kh1 Qe2 32. Kg1 Qe3+ 33. Kh1 Re8 34. Qd7 Qe7 35. Qd5 Qe6 36. Qf3 a5 37. bxa5 bxa5 38. h3 a4 39. Qa3 Qb3 40. Qd6 a3 41. Rf3 Qb1+ 42. Kh2 a2 0-1

[Event "Mosonmagyarovar op"]
[Site "Mosonmagyarovar"]
[Date "2017.09.30"]
[Round "4"]
[White "Horvath, Tibor"]
[Black "Frank, Jozsef1111"]
[Result "0-1"]
[WhiteElo "1812"]
[BlackElo "2073"]
[PlyCount "114"]
[EventDate "2017.09.28"]
[EventType "swiss"]
[EventRounds "7"]
[EventCountry "HUN"]
[SourceTitle "EXT 2019"]
[Source "ChessBase"]
[SourceDate "2018.10.10"]
[SourceVersion "1"]
[SourceVersionDate "2018.10.10"]
[SourceQuality "1"]

1. d4 Nf6 2. c4 c5 3. d5 b5 4. cxb5 a6 5. e3 g6 6. Nc3 Bg7 7. e4 d6 8. bxa6 0-0 9. Qc2 Nxa6 10. Bxa6 Bxa6 11. Nge2 Qd7 12. h3 e6 13. 0-0 exd5 14. Nxd5 Nxd5 15. exd5 Rfe8 16. Be3 Qb7 17. Rfe1 Qxb2 18. Qxb2 Bxb2 19. Rab1 Be5 20. Rbc1 f5 21. Nf4 Bb5 22. Ne6 Rxa2 23. Bxc5 Bb2 24. Bxd6 Bxc1 25. Rxc1 Bd7 26. Nc7 Ree2 27. Rf1 Kf7 28. Bg3 g5 29. Bd6 f4 30. Bb4 Reb2 31. Be1 Kg6 32. Bc3 Rc2 33. Be5 Kf5 34. Bd6 Ra7 35. Ne6 Bxe6 36. dxe6 Kxe6 37. Bb4 Raa2 38. Bf8 Kf5 39. Be7 Rc7 40. Bd8 Rca7 41. Bb6 R7a4 42. Bd8 Ra1 43. h4 g4 44. Bc7 Rxf1+ 45. Kxf1 f3 46. Kg1 Ke4 47. Kh2 h5 48. Kg3 Ra1 49. Kh2 Kd3 50. Bb6 Ke2 51. gxf3 gxf3 52. Bc5 Rf1 53. Kg3 Rg1+ 54. Kh3 Rg2 55. Bd4 Rxf2 56. Kg3 Rg2+ 57. Kh3 Rg4 0-1

[Event "Balassi Amateur op 2nd"]
[Site "Janossomorja"]
[Date "2017.08.26"]
[Round "1"]
[White "Horvath, Tibor"]
[Black "Kuti, Oliver"]
[Result "1-0"]
[WhiteElo "1795"]
[BlackElo "1159"]
[PlyCount "53"]
[EventDate "2017.08.26"]
[EventType "swiss"]
[EventRounds "7"]
[EventCountry "HUN"]
[SourceTitle "EXT 2019"]
[Source "ChessBase"]
[SourceDate "2018.10.10"]
[SourceVersion "1"]
[SourceVersionDate "2018.10.10"]
[SourceQuality "1"]

1. d4 d5 2. e4 dxe4 3. Nc3 Nf6 4. Bg5 Bf5 5. Bxf6 exf6 6. Qe2 Nc6 7. Nxe4 Bxe4 8. Qxe4+ Be7 9. 0-0-0 0-0 10. Bd3 g6 11. Nf3 f5 12. Qe3 Re8 13. Bc4 Bf6 14. Qb3 Qd7 15. Ne5 Nxe5 16. dxe5 Bg5+ 17. Kb1 Qe7 18. h4 Bh6 19. h5 Red8 20. hxg6 hxg6 21. Rde1 Bg7 22. f4 b6 23. Qg3 a5 24. Qxg6 Rd4 25. Rh7 Qf8 26. Reh1 Rxc4 27. Rh8# 1-0

[Event "HUN-chT2 Szechenyi 1617"]
[Site "Hungary"]
[Date "2017.01.29"]
[Round "7.9"]
[White "Horvath, Tibor"]
[Black "Nemeth, Jozsef1111"]
[Result "1-0"]
[WhiteElo "1740"]
[BlackElo "2061"]
[PlyCount "57"]
[EventDate "2016.09.25"]
[EventType "team-tourn"]
[EventRounds "11"]
[EventCountry "HUN"]
[SourceTitle "EXT 2021"]
[Source "ChessBase"]
[SourceDate "2020.10.23"]
[SourceVersion "1"]
[SourceVersionDate "2020.10.23"]
[SourceQuality "1"]
[WhiteTeam "Lovo"]
[BlackTeam "Csuti Baki Agrocentrum"]
[WhiteTeamCountry "HUN"]
[BlackTeamCountry "HUN"]

1. d4 d5 2. e4 dxe4 3. Nc3 Nf6 4. Bg5 Bf5 5. Bxf6 exf6 6. Qe2 c6 7. Nxe4 Bxe4 8. Qxe4+ Qe7 9. Bd3 Nd7 10. 0-0-0 Qxe4 11. Bxe4 Nb6 12. Nf3 0-0-0 13. Rhe1 g6 14. c3 Bd6 15. g3 f5 16. Bc2 f6 17. Bb3 Rhe8 18. Nd2 Kd7 19. Nc4 Nc8 20. Bc2 b5 21. Nd2 Nb6 22. Bb3 a5 23. a3 Bf8 24. Bg8 Re7 25. Rxe7+ Kxe7 26. Re1+ Kd6 27. Bxh7 Bh6 28. Bxg6 Nc4 29. f4 1-0

[Event "HUN-chT2 Szechenyi 1617"]
[Site "Hungary"]
[Date "2016.12.11"]
[Round "6.11"]
[White "Bodorkos, Ferenc"]
[Black "Horvath, Tibor"]
[Result "1-0"]
[WhiteElo "1515"]
[BlackElo "1740"]
[PlyCount "61"]
[EventDate "2016.09.25"]
[EventType "team-tourn"]
[EventRounds "11"]
[EventCountry "HUN"]
[SourceTitle "EXT 2021"]
[Source "ChessBase"]
[SourceDate "2020.10.23"]
[SourceVersion "1"]
[SourceVersionDate "2020.10.23"]
[SourceQuality "1"]
[WhiteTeam "Arboretum"]
[BlackTeam "Lovo"]
[WhiteTeamCountry "HUN"]
[BlackTeamCountry "HUN"]

1. d4 d5 2. c4 e6 3. Nc3 Nf6 4. e3 Be7 5. Nf3 0-0 6. a3 c5 7. cxd5 Nxd5 8. Qc2 cxd4 9. Nxd4 Nxc3 10. bxc3 Nd7 11. Bd3 Nf6 12. 0-0 e5 13. Nf5 Bc5 14. Bb2 e4 15. Bxe4 Nxe4 16. Qxe4 Re8 17. Qc2 Qg5 18. Ng3 Bd7 19. Rad1 Re7 20. c4 Rae8 21. Rd5 Qh6 22. Rxc5 Bc6 23. Nf5 Qg5 24. Nxe7+ Qxe7 25. Rh5 Be4 26. Qc3 f6 27. Rh3 Qf7 28. Rg3 Re5 29. Rd1 h5 30. f4 Re8 31. Qxf6 1-0

[Event "HUN-chT4 1617"]
[Site "Hungary"]
[Date "2016.12.04"]
[Round "3.2"]
[White "Horvath, Tibor"]
[Black "Vasvari, Attila"]
[Result "1/2-1/2"]
[WhiteElo "1753"]
[BlackElo "1594"]
[PlyCount "48"]
[EventDate "2016.10.02"]
[EventType "team-tourn"]
[EventRounds "7"]
[EventCountry "HUN"]
[SourceTitle "EXT 2019"]
[Source "ChessBase"]
[SourceDate "2018.10.10"]
[SourceVersion "1"]
[SourceVersionDate "2018.10.10"]
[SourceQuality "1"]

1. d4 d5 2. e4 dxe4 3. Nc3 Nf6 4. Bg5 Bf5 5. Bxf6 exf6 6. Qe2 c6 7. 0-0-0 Be7 8. Nxe4 Bxe4 9. Qxe4 Qd5 10. Qxd5 cxd5 11. Bb5+ Nc6 12. Ne2 0-0 13. Nc3 Rfd8 14. Rhe1 Bb4 15. Bxc6 bxc6 16. a3 Ba5 17. b4 Bc7 18. Na4 a5 19. Nc5 axb4 20. axb4 Ra1+ 21. Kb2 Rxd1 22. Rxd1 Re8 23. g3 Bb6 24. Kc3 Re2 1/2-1/2

[Event "Gyor op-A 7th"]
[Site "Gyor"]
[Date "2016.07.10"]
[Round "9"]
[White "Horvath, Tibor"]
[Black "Suta, Tomaz"]
[Result "1-0"]
[WhiteElo "1730"]
[BlackElo "1618"]
[PlyCount "53"]
[EventDate "2016.07.06"]
[EventType "swiss"]
[EventRounds "9"]
[EventCountry "HUN"]
[SourceTitle "EXT 2017"]
[Source "ChessBase"]
[SourceDate "2016.10.25"]
[SourceVersion "1"]
[SourceVersionDate "2016.10.25"]
[SourceQuality "1"]

1. d4 Nf6 2. Nc3 g6 3. Bf4 Bg7 4. Qd2 d6 5. Bh6 Bxh6 6. Qxh6 e5 7. 0-0-0 exd4 8. Rxd4 Nc6 9. Rd2 Be6 10. e4 Qe7 11. Nd5 Ng4 12. Qg7 Qf8 13. Nxc7+ Ke7 14. Nxe6 Kxe6 15. Bc4+ Ke7 16. Qc3 Qh6 17. Nh3 Nge5 18. f4 Nxc4 19. Qxc4 Qg7 20. Rhd1 Rhd8 21. Ng5 Rac8 22. Qb5 Rc7 23. e5 dxe5 24. Rxd8 Nxd8 25. Qb4+ Ke8 26. Qd6 Rc8 27. Qd7+ 1-0